| 000 | 00359nam a2200157Ia 4500 | ||
|---|---|---|---|
| 008 | 221030s9999 xx 000 0 und d | ||
| 020 | _a8172246870 | ||
| 041 | _aEnglish | ||
| 082 |
_a105.23 _bRec |
||
| 100 | _aM. Record | ||
| 245 | 0 | _aHow to Prepare Business Plan | |
| 260 |
_bJaico Pub. _aDelhi _c1999 |
||
| 300 | _a158 | ||
| 650 | _aGeneral | ||
| 942 | _cBK | ||
| 999 |
_c1237 _d1237 |
||